000
00206 a2200097 4500
001
3836
100
_a
Gay, H.J
245
_a
Analytic geometry & claculas
260
_a
_b
Mcgrawhill
_c
090
_c
3068
_d
3068
942
_a
NUST-CAE
_c
M
_c
22980
999
_c
238909
_d
238909